| 000 | 00666nam a2200205 4500 | ||
|---|---|---|---|
| 001 | 136870 | ||
| 003 | ES-MaACL | ||
| 005 | 20231221205011.0 | ||
| 007 | t| | ||
| 008 | 070214s1974 sp b 01110 spa d | ||
| 100 | 1 |
_aSainz de Bujanda, Fernando ( _d1915-1999) _9101580 |
|
| 245 | 1 | 0 |
_aClausura de un centenario : _bguía bibliográfica de Azorín / _cFernando Sainz de Bujanda. |
| 260 |
_aMadrid : _bRevista de Occidente, _c1974. |
||
| 300 |
_a283 p. ; _c19 cm. |
||
| 490 | 1 |
_aSelecta ; _v50 |
|
| 600 | 0 | 7 |
_aAzorín, _d1873-1967- _vBibliografías _2 _9169770 |
| 830 | 1 |
_aSelecta ; _v50 _9181890 |
|
| 852 |
_aES-MaACL _jE-7195 |
||
| 999 |
_c136870 _d136870 |
||